000
00310nam a2200133Ia 4500
005
20251222143109.0
008
251222s9999||||xx |||||||||||||| ||spa||
020
_a
84-493-0615-9
082
_a
155.42/G37
100
_a
Gesell, Arnold
245
0
_a
El Niño de 5 a 10 años
264
_b
Paidós
942
_c
LIB
999
_c
11112
_d
11112